The Impossible Quiz of all time - Statistics

General Stats
  • This quiz has been taken 143 times
  • The average score is 7 of 15
Answer Stats
Question Answer % Correct
24-7? 17
100%
Click the answer the answer
100%
How many holes are in a shirt? Four
75%
SDRAWKCAB NOITSEUQ SIHT REWSNA K.O
75%
what sound does a bell make? f'taang
50%
what follows december 2nd? n
50%
Can a match box? no but a tin can
50%
How do u kill a werewolf? Shoe polish?
50%
What was the answer to question 2? That one
50%
What can you put in a bucket to make it lighter? a hole
25%
The Answer is really big an elephant
25%
Which of these places dont exist? arsefacey
25%
Deal or no deal? Seal!
25%
what are the main ingredient(s) in shampoo? babycham and human feces
0%
What is the seventh letter of the alphabet? H
0%
No matching quizzes found
Score Distribution
Percent of People with Each Score
Percentile by Number Answered
Your Score History
You have not taken this quiz